00419cam a2200181u 4500001000800000005001700008008004100025010001700066040001900083041000800102080001300110100000600123101000800129245002600137906004500163942001200208999001700220737102120180205073645.0820909s1938 inu j 000 0 eng  a 38010699  aDLCcCarPdDLC aeng a574 gra1 a9 amje04aThe heart of a child. a0bcbccpremunvduencipf19gy-gencatlg 2ddccBK c41773d41773